| 000 | 01457nam a22003614a 4500 | ||
|---|---|---|---|
| 001 | ebr10035666 | ||
| 003 | CaPaEBR | ||
| 006 | m u | ||
| 007 | cr cn||||||||| | ||
| 008 | 020314s2002 enka s 001 0 eng | ||
| 010 | _z 2002021900 | ||
| 020 | _z9781846423406 | ||
| 020 | _z1843107325 (pbk.) | ||
| 040 |
_aCaPaEBR _cCaPaEBR |
||
| 035 | _a(OCoLC)567981208 | ||
| 050 | 1 | 4 |
_aRC553.A88 _bD385 2002eb |
| 082 | 0 | 4 |
_a616.89/82 _221 |
| 100 | 1 |
_aDavis, Bill, _d1953- |
|
| 245 | 1 | 0 |
_aDangerous encounters-- avoiding perilous situations with autism _h[electronic resource] : _ba streetwise guide for all emergency responders, retailers, and parents / _cBill Davis and Wendy Goldband Schunick. |
| 260 |
_aLondon ; _aPhiladelphia : _bJessica Kingsley Publishers, _c2002. |
||
| 300 |
_a176 p. : _bill. |
||
| 500 | _aIncludes index. | ||
| 533 |
_aElectronic reproduction. _bPalo Alto, Calif. : _cebrary, _d2013. _nAvailable via World Wide Web. _nAccess may be limited to ebrary affiliated libraries. |
||
| 650 | 0 |
_aAutism _vMiscellanea. |
|
| 650 | 0 | _aAutism. | |
| 650 | 0 | _aCommunication in emergency medicine. | |
| 650 | 0 | _aEmergency medical personnel. | |
| 650 | 0 | _aRisk-taking (Psychology) | |
| 655 | 7 |
_aElectronic books. _2local |
|
| 700 | 1 |
_aSchunick, Wendy Goldband, _d1955- |
|
| 710 | 2 | _aebrary, Inc. | |
| 856 | 4 | 0 |
_uhttp://site.ebrary.com/lib/rucke/Doc?id=10035666 _zAn electronic book accessible through the World Wide Web; click to view |
| 999 |
_c58034 _d58034 |
||